UBT Library

Current ocular therapy. (Record no. 39258)

000 -LEADER
fixed length control field 01260cas a2200385 a 4500
001 - CONTROL NUMBER
control field 11298828
005 - DATE AND TIME OF LATEST TRANSACTION
control field 20171221034935.0
008 - FIXED-LENGTH DATA ELEMENTS--GENERAL INFORMATION
fixed length control field 851018d19802008pauuu 0 a0eng
010 ## - LIBRARY OF CONGRESS CONTROL NUMBER
LC control number 85643458
016 7# - NATIONAL BIBLIOGRAPHIC AGENCY CONTROL NUMBER
Record control number 9005052
Source DNLM
016 7# - NATIONAL BIBLIOGRAPHIC AGENCY CONTROL NUMBER
Record control number SR0065999
Source DNLM
022 0# - INTERNATIONAL STANDARD SERIAL NUMBER
International Standard Serial Number 1077-2227
035 ## - SYSTEM CONTROL NUMBER
System control number (OCoLC)ocm12687855
037 ## - SOURCE OF ACQUISITION
Source of stock number/acquisition W.B. Saunders, West Washington Square, Philadelphia, PA 19105
040 ## - CATALOGING SOURCE
Original cataloging agency DLC
Language of cataloging eng
Transcribing agency DLC
Modifying agency IUL
-- NLM
-- ELM
-- NST
-- NSD
-- DLC
-- WAU
-- NLGGC
-- PAU
-- OCLCQ
-- OCLCF
-- OCLCQ
-- OCLCO
-- NLM
041 ## - LANGUAGE CODE
Language code of text/sound track or separate title eng
042 ## - AUTHENTICATION CODE
Authentication code pcc
060 00 - NATIONAL LIBRARY OF MEDICINE CALL NUMBER
Classification number W1
Item number CU799GA
080 ## - UNIVERSAL DECIMAL CLASSIFICATION NUMBER
Universal Decimal Classification number 617.706 ROY
082 0# - DEWEY DECIMAL CLASSIFICATION NUMBER
Classification number 617.706 ROY
Edition number 19
100 ## - Rafti
Rafti 9
101 ## - Shkurtesa
Shkurtesa PAT
245 00 - TITLE STATEMENT
Title Current ocular therapy.
246 13 - VARYING FORM OF TITLE
Title proper/short title Roy and Fraunfelder's current ocular therapy
Date or sequential designation 2008-
362 0# - DATES OF PUBLICATION AND/OR SEQUENTIAL DESIGNATION
Dates of publication and/or sequential designation [1]-
362 1# - DATES OF PUBLICATION AND/OR SEQUENTIAL DESIGNATION
Dates of publication and/or sequential designation Ceased with 6th ed. (2008).
515 ## - NUMBERING PECULIARITIES NOTE
Numbering peculiarities note Vol. for 1980 has no numbering but constitutes 1.
590 ## - LOCAL NOTE (RLIN)
Local note SERBIB/SERLOC merged record
776 08 - ADDITIONAL PHYSICAL FORM ENTRY
Display text Online version:
Title Current ocular therapy
Record control number (OCoLC)555402851
776 08 - ADDITIONAL PHYSICAL FORM ENTRY
Display text Online version:
Title Current ocular therapy
Record control number (OCoLC)604019479
906 ## - LOCAL DATA ELEMENT F, LDF (RLIN)
a 7
b cbc
c serials
d 2
e ncip
f 19
g n-oclcserc
942 ## - ADDED ENTRY ELEMENTS (KOHA)
Source of classification or shelving scheme
Item type Books
Holdings
Withdrawn status Lost status Source of classification or shelving scheme Damaged status Not for loan Permanent location Current location Date acquired Total Checkouts Full call number Barcode Date last seen Price effective from Koha item type
          UBT - Lipjan UBT - Lipjan 12/21/2017   617.706 ROY 002-2939685 12/21/2017 12/21/2017 Books
UBT Library © 2015-2024. All rights reserved University Education for Business and Technology